Keski-Suomen naapurikunnat - Statistics

Yleistilastot
  • Tätä visaa on pelattu 17 kertaa
  • Keskiarvotulos 11 / 23
Vastaustilastot
Kunta % Oikein
Ähtäri
86%
Mänttä-Vilppula
79%
Orivesi
79%
Virrat
79%
Kangasniemi
64%
Pyhäjärvi
64%
Juupajoki
57%
Keitele
57%
Perho
57%
Hartola
50%
Kuhmoinen
50%
Rautalampi
50%
Alajärvi
43%
Pieksämäki
43%
Sysmä
43%
Soini
36%
Hirvensalmi
29%
Pielavesi
29%
Haapajärvi
21%
Mäntyharju
21%
Vesanto
21%
Lestijärvi
14%
Reisjärvi
14%
Ehtoja vastaavia visoja ei löytynyt
Tulosjakauma
Jokaisen tuloksen saaneiden osuus
Persentiili vastausten määrän mukaan
Tuloshistoriasi
Et ole pelannut tätä visaa